000 00542nam a2200169Ia 4500
999 _c3428
_d3428
020 _a0140223835
020 _a9780140223835
050 _aHV9145
_b.AR88
100 1 _aRutherford, Andrew,
245 1 0 _aGrowing out of crime /
_cAndrew Rutherford.
260 _aWinchester :
_b Waterside Press,
_c1986
300 _a189 pages.
_c20cm.
500 _aIncludes index.
505 _a1. Chance to Mature""; ""2 Wrong Turnings""; "" 3 A Quantum Leap""; ""4. Holding On""; "" 5. Danger Ahead""; ""6. Getting Tough"
650 0 _aCrime.
942 _cBK